240 Capitales - Statistiques

Statistiques générales
  • Ce quiz a été pris 13 fois
    6 depuis la dernière actualisation
  • Le résultat moyen est 112 sur 240
Statistiques - réponses
Hint Réponse % Correct
Australie Canberra
100%
Royaume-Uni Londres
100%
Mexique Mexico
100%
Tchéquie (République tchèque) Prague
100%
Croatie Zagreb
100%
Algérie Alger
83%
Grèce Athènes
83%
Thaïlande Bangkok
83%
Allemagne Berlin
83%
Suisse Berne
83%
Congo (Brazzaville) Brazzaville
83%
Belgique Bruxelles
83%
Argentine Buenos Aires
83%
Danemark Copenhague
83%
Congo (Kinshasa / RDC) Kinshasa
83%
Cuba La Havane
83%
Égypte Le Caire
83%
Pérou Lima
83%
Portugal Lisbonne
83%
Espagne Madrid
83%
Philippines Manille
83%
Bélarus Minsk
83%
Inde New Delhi
83%
Norvège Oslo
83%
Canada Ottawa
83%
Mongolie Oulan-Bator
83%
France Paris
83%
Chine Pékin
83%
Islande Reykjavik
83%
La Réunion Saint-Denis
83%
Chili Santiago
83%
Corée du Sud Séoul
83%
Bulgarie Sofia
83%
Japon Tokyo
83%
Tunisie Tunis
83%
Pologne Varsovie
83%
États-Unis Washington D.C.
83%
Jordanie Amman
67%
Pays-Bas Amsterdam (officielle) / La Haye (siège du gouvernement)
67%
Andorre Andorre-la-Vieille
67%
Turquie Ankara
67%
Madagascar Antananarivo
67%
Kazakhstan Astana (Noursoultan anciennement)
67%
Irak Bagdad
67%
Mali Bamako
67%
Serbie Belgrade
67%
Guinée-Bissau Bissau
67%
Brésil Brasília
67%
Venezuela Caracas
67%
Moldavie Chișinău
67%
Sénégal Dakar
67%
Syrie Damas
67%
Qatar Doha
67%
Irlande Dublin
67%
Gibraltar Gibraltar
67%
Finlande Helsinki
67%
Indonésie Jakarta
67%
Afghanistan Kaboul
67%
Jamaïque Kingston
67%
Koweït Koweït City
67%
Malaisie Kuala Lumpur
67%
Malte La Valette
67%
Slovénie Ljubljana
67%
Luxembourg Luxembourg
67%
Mayotte Mamoudzou
67%
Monaco Monaco
67%
Uruguay Montevideo
67%
Russie Moscou
67%
Kenya Nairobi
67%
Chypre Nicosie
67%
Afrique du Sud Pretoria (administrative) / Le Cap (législative) / Bloemfontein (judiciaire)
67%
Équateur Quito
67%
Maroc Rabat
67%
Lettonie Riga
67%
Arabie saoudite Riyad
67%
Italie Rome
67%
Saint-Marin Saint-Marin
67%
Singapour Singapour
67%
Macédoine du Nord Skopje
67%
Suède Stockholm
67%
Bolivie Sucre (officielle) / Le Paz (administrative)
67%
Géorgie Tbilissi
67%
Iran Téhéran
67%
Albanie Tirana
67%
Libye Tripoli
67%
Autriche Vienne
67%
Nouvelle-Zélande Wellington
67%
Côte d’Ivoire Yamoussoukro (officielle) / Abidjan (économique)
67%
Cameroun Yaoundé
67%
Émirats arabes unis Abou Dabi
50%
Nigeria Abuja
50%
Ghana Accra
50%
Éthiopie Addis-Abeba
50%
Paraguay Asunción
50%
Azerbaïdjan Bakou
50%
Belize Belmopan
50%
Liban Beyrouth
50%
Colombie Bogotá
50%
Slovaquie Bratislava
50%
Roumanie Bucarest
50%
Hongrie Budapest
50%
Guyane française Cayenne
50%
Cité du Vatican Cité du Vatican
50%
Guinée Conakry
50%
Bangladesh Dacca
50%
Djibouti Djibouti
50%
Arménie Erevan
50%
Martinique Fort-de-France
50%
Sierra Leone Freetown
50%
Guatemala Guatemala City
50%
Viêt Nam Hanoï
50%
Hong Kong Hong Kong
50%
Pakistan Islamabad
50%
Israël Jérusalem (revendiquée) / Tel Aviv (de facto)
50%
Népal Katmandou
50%
Soudan Khartoum
50%
Rwanda Kigali
50%
Gabon Libreville
50%
Togo Lomé
50%
Macao Macao
50%
Bahreïn Manama
50%
Libéria Monrovia
50%
Tchad N’Djamena
50%
Nouvelle-Calédonie Nouméa
50%
Burkina Faso Ouagadougou
50%
Panama Panama City
50%
Polynésie française Papeete
50%
Cambodge Phnom Penh
50%
Monténégro Podgorica
50%
Haïti Port-au-Prince
50%
Corée du Nord Pyongyang
50%
République dominicaine Saint-Domingue
50%
Sao Tomé-et-Principe São Tomé
50%
Bosnie-Herzégovine Sarajevo
50%
Taïwan Taipei
50%
Estonie Tallinn
50%
Liechtenstein Vaduz
50%
Seychelles Victoria
50%
Lituanie Vilnius
50%
Turkménistan Achgabat
33%
Érythrée Asmara
33%
Brunei Bandar Seri Begawan
33%
République centrafricaine Bangui
33%
Gambie Banjul
33%
Guadeloupe Basse-Terre
33%
Kirghizistan Bichkek
33%
Sainte-Lucie Castries
33%
Timor oriental Dili
33%
Soudan du Sud Djouba
33%
Soudan du Sud Djouba (répétition — Soudan du Sud confirmé)
33%
Tadjikistan Douchanbé
33%
Tuvalu Funafuti
33%
Botswana Gaborone
33%
Guyana Georgetown
33%
Burundi Gitega
33%
Zimbabwe Harare
33%
Saint-Vincent-et-les-Grenadines Kingstown
33%
Ukraine Kyiv
33%
Malawi Lilongwe
33%
Angola Luanda
33%
Zambie Lusaka
33%
Maldives Malé
33%
Nicaragua Managua
33%
Mozambique Maputo
33%
Oman Mascate
33%
Lesotho Maseru
33%
Eswatini (ex-Swaziland) Mbabane (administrative) / Lobamba (royale et législative)
33%
Somalie Mogadiscio
33%
Bahamas Nassau
33%
Myanmar (Birmanie) Naypyidaw
33%
Niger Niamey
33%
Mauritanie Nouakchott
33%
Groenland Nuuk
33%
Suriname Paramaribo
33%
Maurice Port-Louis
33%
Papouasie-Nouvelle-Guinée Port Moresby
33%
Bénin Porto-Novo
33%
Cap-Vert Praia
33%
Palestine Ramallah (administrative) / Jérusalem-Est (revendiquée)
33%
Dominique Roseau
33%
Yémen Sanaa
33%
Costa Rica San José
33%
Salvador San Salvador
33%
Fidji Suva
33%
Ouzbékistan Tachkent
33%
Honduras Tegucigalpa
33%
Bhoutan Thimphou
33%
Laos Vientiane
33%
Namibie Windhoek
33%
Samoa Apia
17%
Îles Cook Avarua
17%
Saint-Kitts-et-Nevis Basseterre
17%
Barbade Bridgetown
17%
Îles Marshall Delap-Uliga-Darrit (Majuro)
17%
Tanzanie Dodoma
17%
Îles Salomon Honiara
17%
Ouganda Kampala
17%
Guinée équatoriale Malabo
17%
Saint-Martin (partie française) Marigot
17%
Comores Moroni
17%
Tonga Nuku’alofa
17%
Micronésie Palikir
17%
Sint Maarten (partie néerlandaise) Philipsburg
17%
Trinité-et-Tobago Port of Spain
17%
Vanuatu Port-Vila
17%
Grenade Saint George’s
17%
Antigua-et-Barbuda Saint John’s
17%
Saint-Pierre-et-Miquelon Saint-Pierre
17%
Sri Lanka Sri Jayawardenepura Kotte (officielle) / Colombo (économique)
17%
Kiribati Tarawa-Sud
17%
Nauru Yaren (de facto)
17%
Pitcairn Adamstown
0%
Niue Alofi
0%
Tokelau Aucune, les 3 atolls qui se gèrent elles même
0%
Îles Turques-et-Caïques Cockburn Town
0%
Île de Man Douglas
0%
Île Christmas Flying Fish Cove
0%
Îles Caïmans George Town
0%
Saint-Barthélemy Gustavia
0%
Guam Hagåtña
0%
Bermudes Hamilton
0%
Saint-Hélène, Ascension et Tristan da Cunha Jamestown
0%
Géorgie du Sud-et-les Îles Sandwich du Sud King Edward Point
0%
Île Norfolk Kingston
0%
Sahara occidental Laâyoune
0%
Svalbard et Jan Mayen Longyearbyen
0%
Wallis-et-Futuna Mata-Utu
0%
Palaos Ngerulmud
0%
Aruba Oranjestad
0%
Montserrat Plymouth (officielle) / Brades (temporaire)
0%
Jersey Saint-Hélier
0%
Terres Australes et Antarctiques Française (TAAF) Saint Paul (la Réunion)
0%
Guernesey Saint Pierre Port
0%
Îles Mariannes du Nord Saipan
0%
Porto Rico San Juan
0%
Îles Falkland (Malvinas) Stanley
0%
Anguilla The Valley
0%
Îles Féroé Tórshavn
0%
Îles Cocos (Keeling) West Island
0%
Curaçao Willemstad
0%
Aucun quiz correspondant
Distribution des résultats
% des personnes avec chaque résultat
Percentile par nombre de réponses
Votre historique - résultats
Vous n’avez pas pris ce quiz depuis la dernière actualisation